Úvaha o deficite štátneho rozpočtu a jeho krytí

Deficit z hľadiska ekonomickej podstaty. Spôsob vzniku rozpočtového deficitu. Krytie rozpočtového deficitu (peňažné krytie, dlhové krytie emitovaním vládnych obligácií, krytie aktívami). Rozdiel medzi deficitom štátneho rozpočtu a štátnym dlhom. Praktický problém pri zostavovaní štátneho rozpočtu -...

Ausführliche Beschreibung

Gespeichert in:
Bibliographische Detailangaben
1. Verfasser: Mokrý, Vladimír
Format: Buchkapitel
Sprache:Slowakisch
Schlagworte:
Tags: Tag hinzufügen
Keine Tags, Fügen Sie das erste Tag hinzu!

MARC

LEADER 00000naa a2200000 4500
001 r025577
005 20221208071734.2
041 0 |a slo 
044 |a SK 
245 1 0 |a Úvaha o deficite štátneho rozpočtu a jeho krytí  |c Vladimír Mokrý 
520 |a Deficit z hľadiska ekonomickej podstaty. Spôsob vzniku rozpočtového deficitu. Krytie rozpočtového deficitu (peňažné krytie, dlhové krytie emitovaním vládnych obligácií, krytie aktívami). Rozdiel medzi deficitom štátneho rozpočtu a štátnym dlhom. Praktický problém pri zostavovaní štátneho rozpočtu - miera inflácie a miera nezamestnanosti. Vzťah medzi infláciou a ekonomickým rastom. 
610 2 0 |a deficit rozpočtový 
610 2 0 |a rozpočet štátny 
610 2 0 |a makroekonomika 
610 2 0 |a rast hospodársky 
610 2 0 |a miera inflácie 
610 2 0 |a miera nezamestnanosti 
100 1 |a Mokrý, Vladimír